Estadísticas para Todos los Países Cuyos Nombres Terminan en IA

Haz click aquí para tomar la prueba!

Estadísticas generales

  • Esta prueba ha sido tomada 13.262 veces
    (11.115 desde el último reinicio)
  • La puntuación promedio es 31 de 52

Estadísticas de respuestas

País% Correcto
Rusia
81%
Francia
80%
Alemania
77%
Australia
73%
Colombia
72%
Italia
72%
Finlandia
72%
Estonia
71%
Eslovaquia
71%
Lituania
71%
Turquía
70%
Letonia
70%
Rumania
69%
Eslovenia
68%
Croacia
67%
Suecia
67%
Polonia
67%
Islandia
67%
Bulgaria
66%
India
65%
Grecia
63%
Indonesia
63%
Bolivia
62%
Libia
62%
Hungría
62%
Austria
62%
Albania
62%
Namibia
61%
Serbia
61%
Ucrania
61%
Argelia
61%
Malasia
61%
Moldavia
59%
Georgia
59%
Bielorrusia
58%
Etiopía
57%
Armenia
56%
Siria
56%
Zambia
54%
Tailandia
54%
Nigeria
54%
Gambia
52%
Somalia
52%
Tanzania
50%
Mongolia
50%
Kenia
49%
Mauritania
44%
Liberia
42%
Jordania
42%
Suazilandia
38%
Micronesia
32%
Santa Lucía
26%

Distribución de puntuación

Porcentaje por número respondido

Porcentaje de gente con cada puntuación

Historial de tus puntuaciones

No has tomado esta prueba desde el último reinicio